[Event "29. Erfurter Schachfestival 2019 - Meis"]
[Site "Erfurt"]
[Date "2019.12.27"]
[Round "3.50"]
[White "Schmidt, Kai-Uwe"]
[Black "Held, Carsten"]
[Result "0-1"]
[WhiteElo "1982"]
[BlackElo "2082"]
[PlyCount "96"]
[EventDate "2019.12.26"]

1. Nf3 Nf6 2. d4 g6 3. Nbd2 c5 4. dxc5 Qa5 5. a3 Qxc5 6. b4 Qc7 7. Bb2 Bg7 8.
c4 O-O 9. Rc1 a5 10. e3 d6 11. Be2 Bd7 12. Nd4 axb4 13. axb4 Ba4 14. N2b3 Qb6
15. Nb5 Na6 16. Bd4 Qd8 17. Bc3 Nc7 18. Nxc7 Qxc7 19. Qc2 d5 20. c5 b6 21. cxb6
Qxb6 22. Qb2 Bxb3 23. Qxb3 Rfb8 24. O-O e6 25. Rb1 Ne4 26. Be1 Rc8 27. Qd1 Ra2
28. Bd3 Nd6 29. Rc1 Rca8 30. Rc2 Ra1 31. Rc1 R1a3 32. Qe2 Ra2 33. Rc2 Ra1 34.
Bd2 R1a2 35. Rfc1 Rxc2 36. Bxc2 Ra2 37. Bb3 Ra3 38. Qd1 Ne4 39. Be1 Be5 40. Bc2
Nc3 41. Bxc3 Bxc3 42. Rb1 Bxb4 43. Qc1 Qa5 44. Qb2 Bc3 45. Qb8+ Kg7 46. g3 Ra2
47. Bd3 Bf6 48. Qe8 Qd2 0-1

[Event "29. Erfurter Schachfestival 2019 - Meis"]
[Site "Erfurt"]
[Date "2019.12.27"]
[Round "3.51"]
[White "Huth, Kevin"]
[Black "Hornung, Hans"]
[Result "1-0"]
[WhiteElo "1975"]
[BlackElo "2080"]
[PlyCount "65"]
[EventDate "2019.12.26"]

1. e4 c5 2. Nc3 e6 3. Bc4 Nc6 4. f4 Nge7 5. Nf3 d5 6. Bb5 a6 7. Bxc6+ Nxc6 8.
O-O Be7 9. d3 O-O 10. Qe1 b5 11. a3 c4 12. f5 cxd3 13. fxe6 Bc5+ 14. Kh1 Bxe6
15. cxd3 b4 16. axb4 Nxb4 17. Qe2 dxe4 18. dxe4 Qd3 19. Rd1 Qxe2 20. Nxe2 Bb3
21. Rd7 Rad8 22. Rxd8 Rxd8 23. Nc3 f6 24. h4 Nd3 25. Bd2 Nf2+ 26. Kh2 Ng4+ 27.
Kh1 Rd3 28. Rxa6 Nf2+ 29. Kh2 Bd6+ 30. Kg1 Nh3+ 31. gxh3 Bc5+ 32. Kg2 Bd4 33.
Rd6 1-0

[Event "29. Erfurter Schachfestival 2019 - Meis"]
[Site "Erfurt"]
[Date "2019.12.27"]
[Round "3.52"]
[White "Schulze, Mario"]
[Black "Minor, Viatcheslav"]
[Result "1/2-1/2"]
[WhiteElo "1911"]
[BlackElo "2062"]
[PlyCount "91"]
[EventDate "2019.12.26"]

1. e4 e6 2. d4 d5 3. Nc3 Bb4 4. e5 Ne7 5. a3 Bxc3+ 6. bxc3 c5 7. Nf3 Nbc6 8. h4
Qa5 9. Bd2 Bd7 10. h5 h6 11. Be2 c4 12. Nh4 O-O-O 13. Bg4 Rdf8 14. g3 g5 15.
Ng2 f6 16. exf6 Rxf6 17. O-O Nf5 18. Qe2 Re8 19. Bxf5 exf5 20. Qf3 Re4 21. Qd1
Qc7 22. f4 g4 23. Re1 Rxe1+ 24. Qxe1 Re6 25. Qf2 Qd6 26. a4 Be8 27. Nh4 Ne7 28.
Re1 Bxh5 29. Re5 Bg6 30. Qe2 Kd7 31. Qh2 Bh7 32. Ng2 Nc6 33. Ne3 Nxe5 34. fxe5
Qc6 35. Ng2 Qxa4 36. Qh5 Qa1+ 37. Kh2 Qa3 38. Nf4 Qe7 39. Nxe6 Qxe6 40. Bxh6
Qg6 41. Qxg6 Bxg6 42. Kg2 Ke7 43. Kf2 b5 44. Bc1 a5 45. Ba3+ Kd7 46. Ke3
1/2-1/2

[Event "29. Erfurter Schachfestival 2019 - Meis"]
[Site "Erfurt"]
[Date "2019.12.27"]
[Round "3.54"]
[White "Fichtner, Ewald"]
[Black "Reinecke, Katharina"]
[Result "1-0"]
[WhiteElo "2055"]
[BlackElo "1936"]
[PlyCount "67"]
[EventDate "2019.12.26"]

1. d4 d5 2. Bf4 c5 3. e3 Nf6 4. c3 Qb6 5. Qb3 c4 6. Qc2 Nc6 7. Nd2 Nh5 8. Bg3
f5 9. b3 cxb3 10. axb3 e6 11. Be2 Nxg3 12. hxg3 g6 13. b4 Bg7 14. b5 Ne7 15. c4
Bd7 16. c5 Qd8 17. Ngf3 O-O 18. O-O Qc7 19. Ra2 Rfc8 20. Qb3 e5 21. Qb4 exd4
22. exd4 f4 23. gxf4 Bg4 24. Bd3 Nf5 25. Ne5 h5 26. Rfa1 b6 27. c6 g5 28. Nxg4
Qxf4 29. Bxf5 Bxd4 30. Qb3 hxg4 31. Qxd5+ Kh8 32. Ne4 Rd8 33. Qe6 Bg7 34. Qg6
1-0

[Event "29. Erfurter Schachfestival 2019 - Meis"]
[Site "Erfurt"]
[Date "2019.12.27"]
[Round "3.55"]
[White "Chassard, Cedric"]
[Black "Schuffenhauer, Robert"]
[Result "0-1"]
[WhiteElo "2049"]
[BlackElo "1905"]
[Annotator "Ruether,Rudolf"]
[PlyCount "128"]
[EventDate "2019.12.26"]

1. e4 c5 2. Nf3 Nc6 3. Bb5 Nf6 4. Bxc6 dxc6 5. d3 g6 6. O-O Bg7 7. h3 O-O 8.
Nc3 b6 9. Be3 Qc7 10. Qd2 e5 11. Bh6 Nh5 12. Nd1 Nf4 13. Bxg7 Kxg7 14. g3 Nh5
15. Kg2 Be6 16. Ne3 Rad8 17. Ng4 f6 18. Nh4 Kh8 19. a4 Qd7 20. Qh6 Qg7 21.
Qxg7+ Nxg7 22. f4 exf4 23. gxf4 c4 24. Rfd1 cxd3 25. Rxd3 Rxd3 26. cxd3 Bxg4
27. hxg4 Ne6 28. Kg3 Rd8 29. Rd1 {(=)} Nc5 30. d4 Nxe4+ 31. Kf3 Nd6 32. b3 Nb7
33. Ng2 Nc5 34. Ne3 {(=)} Nxb3 35. Ke4 Kg7 36. Nc4 Nc5+ 37. Ke3 Nxa4 38. Ra1 b5
39. Na5 c5 40. dxc5 Nxc5 41. Nc6 Re8+ 42. Kf3 a6 43. Nb4 Re7 44. Rc1 Nb3 45.
Rd1 a5 46. Nc6 Rc7 47. Nd8 Rc3+ 48. Ke4 Rc4+ 49. Kd5 a4 50. Ke6 Rd4 51. Rxd4
Nxd4+ 52. Kd5 a3 53. Kxd4 a2 54. Ne6+ Kg8 55. Nc7 a1=Q+ 56. Kc5 Qa7+ 57. Kxb5
Qxc7 58. g5 fxg5 59. fxg5 Kf7 60. Kb4 Ke6 61. Kb5 Kd5 62. Ka6 Qb8 63. Ka5 Kc5
64. Ka4 Qb4# 0-1

[Event "29. Erfurter Schachfestival 2019 - Meis"]
[Site "Erfurt"]
[Date "2019.12.27"]
[Round "3.56"]
[White "Easwaralingam, Adesh"]
[Black "Gründer, Michael"]
[Result "1-0"]
[WhiteElo "2045"]
[BlackElo "1902"]
[PlyCount "35"]
[EventDate "2019.12.26"]

1. e4 e6 2. d4 d5 3. Nd2 Be7 4. e5 c5 5. c3 Nc6 6. Ndf3 Bd7 7. Bd3 cxd4 8. cxd4
Qb6 9. Ne2 Nb4 10. Bb1 Bb5 11. Nc3 Ba6 12. a3 Nc6 13. Ba2 Rc8 14. Na4 Qc7 15.
Bd2 f6 16. Rc1 b6 17. b4 Qb8 18. Nb2 1-0

[Event "29. Erfurter Schachfestival 2019 - Meis"]
[Site "Erfurt"]
[Date "2019.12.27"]
[Round "3.57"]
[White "Halas, Julia"]
[Black "Schellmann, Frank"]
[Result "0-1"]
[WhiteElo "2087"]
[BlackElo "1992"]
[PlyCount "56"]
[EventDate "2019.12.26"]

1. d4 f5 2. c4 Nf6 3. g3 g6 4. Bg2 Bg7 5. Nc3 d6 6. Nf3 O-O 7. O-O c6 8. d5 e5
9. dxe6 Bxe6 10. b3 Na6 11. Nd4 Bf7 12. Bb2 Nc5 13. Qc2 a5 14. Rad1 Qe7 15. a3
Nfe4 16. b4 axb4 17. axb4 Nxc3 18. Bxc3 Ne4 19. Bb2 Ra2 20. e3 c5 21. bxc5 dxc5
22. Nxf5 gxf5 23. Bf6 Rxc2 24. Bxe7 Re8 25. Bxe4 fxe4 26. Bxc5 Bxc4 27. Rc1
Rxc1 28. Rxc1 b5 0-1

[Event "29. Erfurter Schachfestival 2019 - Meis"]
[Site "Erfurt"]
[Date "2019.12.27"]
[Round "3.58"]
[White "Weishäutel, Moritz"]
[Black "Dobierzin, Olaf"]
[Result "1/2-1/2"]
[WhiteElo "2231"]
[BlackElo "2056"]
[PlyCount "84"]
[EventDate "2019.12.26"]

1. e4 c5 2. Nf3 d6 3. d4 cxd4 4. Nxd4 Nf6 5. Nc3 Nc6 6. Bg5 e6 7. Qd2 a6 8.
O-O-O Bd7 9. f4 b5 10. Bxf6 gxf6 11. Kb1 Qb6 12. Nxc6 Bxc6 13. Qe1 O-O-O 14.
Qh4 Be7 15. Qh5 Rdf8 16. Bd3 Qc5 17. f5 Kb7 18. Qe2 Ka7 19. Nd5 Bxd5 20. exd5
e5 21. Be4 h5 22. Rd3 b4 23. c3 Rb8 24. cxb4 Rxb4 25. Rc1 Rc4 26. Rdc3 Rxc3 27.
Rxc3 Qa5 28. Rc6 Rb8 29. a3 Rb7 30. Bd3 Rb6 31. Qe3 Kb7 32. b4 Bd8 33. Qxb6+
Qxb6 34. Rxb6+ Bxb6 35. Be2 h4 36. Bh5 Bg1 37. h3 Kb6 38. Kc2 a5 39. Bxf7 axb4
40. axb4 Bf2 41. Be8 Be1 42. Kb3 Bd2 1/2-1/2

[Event "29. Erfurter Schachfestival 2019 - Meis"]
[Site "Erfurt"]
[Date "2019.12.27"]
[Round "3.59"]
[White "Mucha, Annegret"]
[Black "Pellicoro, Nathalie"]
[Result "1-0"]
[WhiteElo "2041"]
[BlackElo "1860"]
[PlyCount "97"]
[EventDate "2019.12.26"]

1. Nc3 c5 2. e4 e6 3. f4 d5 4. Nf3 Nf6 5. Bb5+ Bd7 6. Bxd7+ Nbxd7 7. e5 Ng8 8.
O-O Ne7 9. d3 a6 10. Qe1 g6 11. Nd1 Bg7 12. Ne3 h5 13. h3 Qc7 14. Qh4 Nf5 15.
Nxf5 gxf5 16. Qg5 Bf8 17. Bd2 h4 18. Be1 Be7 19. Qg7 O-O-O 20. Qxf7 Nf8 21. Ng5
Rh6 22. Qg7 Rg6 23. Qh8 Bxg5 24. fxg5 Rg7 25. Ba5 Ng6 26. Qxd8+ Qxd8 27. Bxd8
Kxd8 28. Rae1 Rh7 29. c3 Rh5 30. d4 b6 31. Rf3 Rxg5 32. Kf2 Kd7 33. g3 Ne7 34.
Rg1 Rh5 35. g4 fxg4 36. hxg4 Rh7 37. Rf6 Rg7 38. Rh6 Ng6 39. Ke3 Ne7 40. Kf2
Ng6 41. Ke3 Ne7 42. Rxh4 Nf5+ 43. gxf5 Rxg1 44. Rh7+ Ke8 45. f6 Rg2 46. Re7+
Kf8 47. Rxe6 Rxb2 48. dxc5 bxc5 49. Rxa6 1-0

[Event "29. Erfurter Schachfestival 2019 - Meis"]
[Site "Erfurt"]
[Date "2019.12.27"]
[Round "3.60"]
[White "Farokhi, Keyvan"]
[Black "Matthäi, Jakob"]
[Result "1-0"]
[WhiteElo "2023"]
[BlackElo "1838"]
[PlyCount "111"]
[EventDate "2019.12.26"]

1. d4 Nf6 2. Bf4 d5 3. e3 c5 4. c3 Nc6 5. Nd2 e6 6. Ngf3 cxd4 7. exd4 Nh5 8.
Be3 Bd6 9. Ne5 g6 10. g4 Ng7 11. h4 h5 12. gxh5 Bxe5 13. dxe5 Rxh5 14. Bg5 Qb6
15. Be2 Rh7 16. Qc2 Nxe5 17. h5 Nf5 18. O-O-O gxh5 19. Bxh5 Bd7 20. Be2 Rxh1
21. Rxh1 Ng6 22. Bh5 Nfe7 23. Bxe7 Kxe7 24. Bxg6 fxg6 25. Rh7+ Kd6 26. Qxg6 Qd8
27. Qg3+ Kc6 28. Nf3 Kb6 29. Qd6+ Bc6 30. Qxe6 Qe8 31. Re7 Qh5 32. Qe3+ Ka6 33.
Nd4 Qh1+ 34. Qe1 Qxe1+ 35. Rxe1 Rf8 36. Nxc6 bxc6 37. Rf1 Kb5 38. f4 Rf5 39.
Kd2 a5 40. Ke3 Kc4 41. Kf3 a4 42. Kg4 Rf8 43. f5 c5 44. Kg5 a3 45. bxa3 Kxc3
46. f6 Kb2 47. Rf5 Rd8 48. f7 Kxa3 49. f8=Q Rxf8 50. Rxf8 Kxa2 51. Kf4 Kb3 52.
Ke3 Kc3 53. Rd8 d4+ 54. Ke4 d3 55. Rxd3+ Kc2 56. Rh3 1-0

[Event "29. Erfurter Schachfestival 2019 - Meis"]
[Site "Erfurt"]
[Date "2019.12.27"]
[Round "3.61"]
[White "Weimert, Miriam"]
[Black "Petri, Wolfgang"]
[Result "0-1"]
[WhiteElo "1845"]
[BlackElo "2023"]
[PlyCount "38"]
[EventDate "2019.12.26"]

1. e4 c5 2. Nc3 Nc6 3. Bc4 e5 4. d3 Be7 5. f4 d6 6. f5 g6 7. fxg6 hxg6 8. Nge2
Bh4+ 9. g3 Bh3 10. Be3 Bf6 11. Rg1 Nh6 12. Bxh6 Rxh6 13. Nd5 Bg5 14. Nec3 a6
15. Qf3 Nd4 16. Qf2 Bg4 17. Ne3 Nf3+ 18. Kf1 Bxe3 19. Qxe3 Rxh2 0-1

[Event "29. Erfurter Schachfestival 2019 - Meis"]
[Site "Erfurt"]
[Date "2019.12.27"]
[Round "3.62"]
[White "Petri, Raphael"]
[Black "Geißhirt, Marco"]
[Result "1-0"]
[WhiteElo "1839"]
[BlackElo "2022"]
[Annotator "Ruether,Rudolf"]
[PlyCount "111"]
[EventDate "2019.12.26"]

1. e4 e5 2. Nf3 Nc6 3. Bb5 Nf6 4. Nc3 Bc5 5. O-O d6 6. h3 Be6 7. d4 exd4 8.
Nxd4 Bd7 9. Nf5 O-O 10. Bg5 Bxf5 11. Bxc6 bxc6 12. exf5 d5 13. Qf3 h6 14. Bh4
Rb8 15. b3 Re8 16. Rfe1 Qd6 17. Bg3 Qd7 18. Be5 Qd8 19. Qg3 Bd6 20. f4 Bf8 21.
Qf2 Nd7 22. Na4 f6 23. Bd4 Rxe1+ 24. Qxe1 c5 25. Bf2 d4 26. Rd1 Bd6 27. g3 Qf8
28. Qe6+ Qf7 29. Re1 Nf8 30. Qe4 Rb4 31. Nb2 a5 32. Qa8 h5 33. Re8 h4 {(=)} 34.
g4 Bxf4 35. Nd3 Bd6 36. Nxb4 axb4 37. Bxh4 Qd7 38. Bg3 Kf7 39. Rd8 Qxd8 40.
Qxd8 Bxg3 41. Qd5+ Ke7 42. Qxc5+ Bd6 43. Qxd4 Nd7 44. Qd5 Ne5 45. Qg8 Nf3+ 46.
Kf2 Ng5 47. Qxg7+ Ke8 48. h4 Nh3+ 49. Kg2 Nf4+ 50. Kf3 Be5 51. h5 Nh3 52. h6
Ng5+ 53. Ke3 Bb2 54. h7 Bc1+ 55. Kd3 c6 56. h8=R# 1-0

[Event "29. Erfurter Schachfestival 2019 - Meis"]
[Site "Erfurt"]
[Date "2019.12.27"]
[Round "3.63"]
[White "Rettore, Ludwig"]
[Black "Reitz, Theresa"]
[Result "0-1"]
[WhiteElo "2081"]
[BlackElo "1961"]
[PlyCount "112"]
[EventDate "2019.12.26"]

1. Nf3 c5 2. e4 e6 3. d4 cxd4 4. Nxd4 Bc5 5. Nb3 Bb6 6. Bd3 Ne7 7. O-O O-O 8.
Kh1 f5 9. Nc3 fxe4 10. Nxe4 d5 11. Ng5 h6 12. Nf3 Nbc6 13. c4 e5 14. cxd5 Qxd5
15. Qe2 Kh8 16. Bc4 Qd6 17. Nbd2 Bg4 18. Ne4 Qc7 19. Be3 Nf5 20. Bxb6 Qxb6 21.
Ned2 Nfd4 22. Qe3 Nxf3 23. Nxf3 Bxf3 24. gxf3 Qc7 25. Bd3 Nd4 26. Be4 Rf6 27.
Rac1 Qf7 28. Rc3 Rf8 29. Rfc1 Nxf3 30. Bxf3 Rxf3 31. Qxf3 Qxf3+ 32. Rxf3 Rxf3
33. Kg2 Rf6 34. Rc8+ Kh7 35. Re8 Rb6 36. b3 Ra6 37. Re7 Rxa2 38. Rxb7 Kg6 39.
Kf3 a6 40. h4 Kf6 41. h5 Rb2 42. Kg4 e4 43. Rb6+ Ke5 44. Rxa6 Rxf2 45. Ra7 e3
46. Re7+ Kd4 47. b4 Kd3 48. b5 e2 49. b6 Rf7 50. Rxf7 e1=Q 51. Rd7+ Kc4 52. b7
Qe6+ 53. Kg3 Qe5+ 54. Kf2 Kc5 55. Rxg7 Kb6 56. Re7 Qf4+ 0-1

[Event "29. Erfurter Schachfestival 2019 - Meis"]
[Site "Erfurt"]
[Date "2019.12.27"]
[Round "3.64"]
[White "Wachsmann, Dietmar"]
[Black "Kottwitz, Daniel"]
[Result "1-0"]
[WhiteElo "2032"]
[BlackElo "1949"]
[PlyCount "47"]
[EventDate "2019.12.26"]

1. e4 d5 2. exd5 Qxd5 3. Nf3 Nf6 4. d4 Bg4 5. Be2 c6 6. c4 Qf5 7. Nc3 e6 8. Qb3
b6 9. h3 Bxf3 10. Bxf3 Bd6 11. Nb5 cxb5 12. Bxa8 bxc4 13. Qxc4 O-O 14. O-O Nbd7
15. Qc6 Bb8 16. Qf3 Qc2 17. b3 Rc8 18. Ba3 Qc7 19. g3 h5 20. Rac1 Qd8 21. Bb7
Rc7 22. Bd6 Rxb7 23. Qxb7 Bxd6 24. Rc8 1-0

[Event "29. Erfurter Schachfestival 2019 - Meis"]
[Site "Erfurt"]
[Date "2019.12.27"]
[Round "3.65"]
[White "Kurze, Christoph"]
[Black "Neubauer, Ralf"]
[Result "0-1"]
[WhiteElo "2016"]
[BlackElo "1931"]
[PlyCount "70"]
[EventDate "2019.12.26"]

1. Nf3 g6 2. g3 Bg7 3. Bg2 e5 4. d3 Nc6 5. c4 f5 6. Nc3 d6 7. Rb1 Nf6 8. b4 Ne7
9. Qb3 c6 10. O-O Be6 11. Ng5 Bg8 12. b5 h6 13. bxc6 bxc6 14. Nf3 Be6 15. Qa4
Qc7 16. Qa6 Bc8 17. Qa3 Rb8 18. Be3 a6 19. Rxb8 Qxb8 20. Rb1 Qc7 21. Bb6 Qd7
22. c5 e4 23. Nd4 d5 24. Qa5 O-O 25. Bc7 Ne8 26. Bd8 Bxd4 27. Bb6 Bg7 28. Nd1
g5 29. e3 Ng6 30. d4 f4 31. Bf1 Qf5 32. Bxa6 fxe3 33. fxe3 Qf3 34. a4 Bh3 35.
Qd2 Qf1+ 0-1

[Event "29. Erfurter Schachfestival 2019 - Meis"]
[Site "Erfurt"]
[Date "2019.12.27"]
[Round "3.66"]
[White "Tenold, Andreas"]
[Black "Grund, Sebastian"]
[Result "1/2-1/2"]
[WhiteElo "1926"]
[BlackElo "2000"]
[PlyCount "61"]
[EventDate "2019.12.26"]

1. d4 Nf6 2. c4 g6 3. Nc3 d5 4. cxd5 Nxd5 5. e4 Nxc3 6. bxc3 Bg7 7. Bc4 c5 8.
Ne2 O-O 9. O-O Nc6 10. Be3 Bg4 11. f3 Bd7 12. Qd2 Qc7 13. Rac1 Rfd8 14. Nf4 Qa5
15. Qf2 e5 16. Ne2 cxd4 17. cxd4 exd4 18. Nxd4 Nxd4 19. Bxd4 Bxd4 20. Qxd4 Be6
21. Qc3 Qc5+ 22. Kh1 Rac8 23. Bxe6 Qxc3 24. Bxc8 Qb2 25. Rb1 Qxa2 26. Bxb7 Rd2
27. Bd5 Qc2 28. Rg1 Rxg2 29. Rb8+ Kg7 30. Rxg2 Qd1+ 31. Rg1 1/2-1/2

[Event "29. Erfurter Schachfestival 2019 - Meis"]
[Site "Erfurt"]
[Date "2019.12.27"]
[Round "3.67"]
[White "Brendel, Bergit"]
[Black "Dittrich, Tom"]
[Result "1/2-1/2"]
[WhiteElo "1970"]
[BlackElo "1915"]
[PlyCount "44"]
[EventDate "2019.12.26"]

1. e4 c5 2. Nf3 d6 3. d4 cxd4 4. Nxd4 Nf6 5. Nc3 a6 6. Be2 e5 7. Nb3 Be7 8. O-O
Be6 9. f4 exf4 10. Bxf4 Nc6 11. Qd2 O-O 12. Kh1 Rc8 13. Rad1 Ne5 14. Nd4 Nc4
15. Bxc4 Rxc4 16. Nf5 Bxf5 17. exf5 d5 18. Nxd5 Qxd5 19. Qxd5 Nxd5 20. Rxd5
Rxc2 21. Rd7 Bf6 22. Rxb7 Rxb2 1/2-1/2

[Event "29. Erfurter Schachfestival 2019 - Meis"]
[Site "Erfurt"]
[Date "2019.12.28"]
[Round "4.1"]
[White "Gschnitzer, Adrian"]
[Black "Strache, Michael"]
[Result "1/2-1/2"]
[WhiteElo "2408"]
[BlackElo "2301"]
[PlyCount "40"]
[EventDate "2019.12.26"]

1. e4 e5 2. Nc3 d6 3. Nf3 Nf6 4. d4 Nbd7 5. Bc4 Be7 6. O-O O-O 7. Re1 c6 8. a4
a5 9. b3 exd4 10. Qxd4 Nc5 11. Ba3 Bg4 12. e5 Bxf3 13. gxf3 Nfd7 14. exd6 Bf6
15. Qd2 Ne5 16. Be2 Ne6 17. f4 Ng6 18. f5 Bxc3 19. Qxc3 Qg5+ 20. Kh1 Qxf5
1/2-1/2

[Event "29. Erfurter Schachfestival 2019 - Meis"]
[Site "Erfurt"]
[Date "2019.12.28"]
[Round "4.2"]
[White "Stein, Robert"]
[Black "Kaiser, Dieter"]
[Result "1/2-1/2"]
[WhiteElo "2327"]
[BlackElo "2228"]
[Annotator "Kohlstädt,Jürgen"]
[PlyCount "76"]
[EventDate "2019.12.26"]

1. d4 Nf6 2. c4 e6 3. g3 d5 4. Nf3 Be7 5. Bg2 O-O 6. Qc2 c5 7. dxc5 Nc6 8. O-O
d4 9. Rd1 e5 10. Bg5 Nd7 11. Bxe7 Qxe7 12. Nbd2 Nxc5 13. Nb3 Nxb3 14. axb3 Bd7
15. Ne1 a6 16. Nd3 Rad8 17. Qd2 e4 18. Nf4 Qe5 19. Nd5 Bf5 20. Nb4 Nxb4 21.
Qxb4 Qc7 22. Ra5 g6 23. Rd5 d3 24. Rxd8 Rxd8 25. exd3 exd3 26. h3 h5 27. Qxb7
Qxb7 28. Bxb7 Rb8 29. Bxa6 Rxb3 {(=)} 30. c5 Rxb2 31. Bxd3 Bxd3 32. Rxd3 Rc2
33. Rd8+ Kg7 34. Rc8 Kf6 35. c6 Ke7 36. c7 Rc6 37. Kg2 Kd6 38. Kf3 Kd7 1/2-1/2

[Event "29. Erfurter Schachfestival 2019 - Meis"]
[Site "Erfurt"]
[Date "2019.12.28"]
[Round "4.3"]
[White "Osmanodja, Filiz"]
[Black "Abel, Dennes"]
[Result "0-1"]
[WhiteElo "2214"]
[BlackElo "2463"]
[Annotator "Ruether,Rudolf"]
[PlyCount "132"]
[EventDate "2019.12.26"]

1. e4 c6 2. d4 d5 3. Nc3 dxe4 4. Nxe4 Bf5 5. Ng3 Bg6 6. h4 h6 7. Nf3 Nd7 8. Bd3
Bxd3 9. Qxd3 e6 10. Bd2 Ngf6 11. O-O-O Be7 12. Qe2 Qb6 13. Ne5 Rd8 14. f4 Qxd4
15. Kb1 Qc5 16. Rhe1 O-O 17. Nd3 Qb5 18. f5 Nc5 19. Nxc5 Qxe2 20. Rxe2 {(=)}
Bxc5 21. fxe6 fxe6 22. Rxe6 Ng4 23. Kc1 Bf2 24. Ne4 Bxh4 25. g3 Bf6 26. Nxf6+
Rxf6 27. Rxf6 Nxf6 28. Re1 Kf7 29. c4 Rd3 30. Bb4 Rd7 31. Kc2 b6 32. Bc3 Re7
33. Rd1 Re2+ 34. Kd3 Rg2 35. Be5 Ng4 36. Rf1+ Kg6 37. Bb8 a6 38. Kc3 Nf6 39.
Re1 Kf7 40. a4 Rf2 41. b4 Rf3+ 42. Kb2 Rd3 43. Bc7 b5 44. cxb5 cxb5 45. axb5
axb5 46. Ra1 Nd5 47. Bd6 Nb6 48. Ra7+ Kf6 49. Bb8 Nc4+ 50. Kc2 Rd8 51. Rb7 h5
52. Kc3 Rd5 53. Ba7 Nd6 54. Rb6 Kf5 55. Bb8 Ne4+ 56. Kc2 g5 57. Rh6 Kg4 58. Rh7
Nxg3 59. Bxg3 Kxg3 60. Rxh5 Kf3 61. Kc3 Kf4 62. Kc2 Re5 63. Rh3 g4 64. Rh8 g3
65. Rg8 Rg5 66. Rf8+ Kg4 0-1

[Event "29. Erfurter Schachfestival 2019 - Meis"]
[Site "Erfurt"]
[Date "2019.12.28"]
[Round "4.4"]
[White "Schmuecker, Marcus"]
[Black "Lagunow, Raphael"]
[Result "0-1"]
[WhiteElo "2210"]
[BlackElo "2424"]
[PlyCount "122"]
[EventDate "2019.12.26"]

1. Nf3 Nf6 2. g3 d5 3. Bg2 Nbd7 4. d4 e6 5. O-O b5 6. a4 b4 7. c4 c6 8. a5 dxc4
9. Nbd2 Ba6 10. Qc2 Rc8 11. Nxc4 c5 12. Qd3 cxd4 13. Nd6+ Bxd6 14. Qxa6 Qc7 15.
e3 Bc5 16. exd4 Bxd4 17. Bf4 e5 18. Bd2 Bc5 19. Ra4 Rb8 20. Rc1 O-O 21. Be3
Rfc8 22. Bxc5 Nxc5 23. Qc4 Ne6 24. Qxc7 Rxc7 25. Rxc7 Nxc7 26. Nd2 Nd7 27. Ra1
Nc5 28. Rc1 N7e6 29. Nc4 f6 30. Bd5 Kf8 31. Ne3 Rd8 32. Rc4 b3 33. Rc3 Rb8 34.
f4 exf4 35. gxf4 Na4 36. Rxb3 Rxb3 37. Bxb3 Nac5 38. Bc4 Nxf4 39. b4 Nb7 40.
Ba6 Nd6 41. Nc4 Ke7 42. Nxd6 Kxd6 43. Bc4 Ne6 44. Kf2 Nd4 45. Bd3 g6 46. a6 Kc6
47. Ke3 Nb5 48. h4 Nc7 49. h5 gxh5 50. Ke4 Kb6 51. Kf5 Nxa6 52. Kxf6 Nxb4 53.
Bxh7 h4 54. Bf5 a5 55. Kg5 a4 56. Kxh4 a3 57. Be6 Kc5 58. Bb3 Kd4 59. Kg3 Kc3
60. Bf7 Nc6 61. Kf2 Na5 0-1

[Event "29. Erfurter Schachfestival 2019 - Meis"]
[Site "Erfurt"]
[Date "2019.12.28"]
[Round "4.5"]
[White "Ortmeier, Leonhard"]
[Black "Lagunow, Alexander"]
[Result "1-0"]
[WhiteElo "2208"]
[BlackElo "2374"]
[PlyCount "81"]
[EventDate "2019.12.26"]

1. e4 c5 2. Nf3 a6 3. c4 e6 4. Nc3 Qc7 5. Be2 Nf6 6. O-O d6 7. d4 cxd4 8. Nxd4
Nbd7 9. Be3 b6 10. Qd2 Be7 11. Rfd1 O-O 12. f3 Bb7 13. a4 Ne5 14. Rac1 Kh8 15.
Qe1 Rg8 16. Qf2 g5 17. Nb3 Nfd7 18. a5 bxa5 19. c5 dxc5 20. Na4 c4 21. Nd2 Qc6
22. b3 Ba3 23. Rc2 Qb5 24. Nxc4 Qxb3 25. Rc3 Qxa4 26. Rxa3 Qb4 27. Bd2 Qe7 28.
Bc3 f6 29. Rxa5 Nxc4 30. Rxd7 Qxd7 31. Bxf6+ Rg7 32. Rxg5 Rag8 33. Bxc4 h6 34.
Rxg7 Rxg7 35. Qg3 Qd1+ 36. Bf1 Qd7 37. Qg6 Kg8 38. Bxg7 Qxg7 39. Qxe6+ Kh8 40.
e5 a5 41. Bc4 1-0

[Event "29. Erfurter Schachfestival 2019 - Meis"]
[Site "Erfurt"]
[Date "2019.12.28"]
[Round "4.6"]
[White "Paul, Johannes"]
[Black "Sobolevsky, Leonid"]
[Result "1-0"]
[WhiteElo "2374"]
[BlackElo "2178"]
[PlyCount "61"]
[EventDate "2019.12.26"]

1. d4 Nf6 2. c4 e6 3. Nf3 Bb4+ 4. Nbd2 d5 5. Qa4+ Nc6 6. a3 Bxd2+ 7. Bxd2 Ne4
8. Rd1 O-O 9. e3 Bd7 10. Qc2 a5 11. Bd3 f5 12. O-O Be8 13. Ne5 Rf6 14. Nxc6
Bxc6 15. Be1 Rg6 16. f3 dxc4 17. Bxc4 Qg5 18. Qe2 Nd6 19. Bd3 h5 20. Bg3 h4 21.
Bf4 Qh5 22. h3 Rd8 23. Rc1 Rd7 24. Rc5 a4 25. e4 Kf8 26. d5 exd5 27. exd5 Re7
28. Qc2 Bd7 29. Rxc7 Nb5 30. Rxd7 Nd4 31. Qc8+ 1-0

[Event "29. Erfurter Schachfestival 2019 - Meis"]
[Site "Erfurt"]
[Date "2019.12.28"]
[Round "4.7"]
[White "Kuznecovs, Nikita"]
[Black "Zienert, Richard"]
[Result "1-0"]
[WhiteElo "2306"]
[BlackElo "2171"]
[PlyCount "71"]
[EventDate "2019.12.26"]

1. Nf3 g6 2. d4 Bg7 3. c4 Nf6 4. g3 O-O 5. Bg2 c5 6. Nc3 cxd4 7. Nxd4 Nc6 8.
Nc2 d6 9. O-O Be6 10. Ne3 Qd7 11. Re1 Rac8 12. Bd2 Nd4 13. Ncd5 Nf5 14. Qb3
Nxe3 15. Bxe3 Ng4 16. Bg5 Bxd5 17. Bxd5 Qf5 18. Be3 Bh6 19. Bxa7 b5 20. cxb5
Rc2 21. e4 Qc8 22. b6 Nxh2 23. e5 Rxf2 24. Kxf2 Ng4+ 25. Kg2 Qc5 26. Qf3 Nxe5
27. Rxe5 dxe5 28. Re1 e6 29. Bb3 Rd8 30. Re2 Rd7 31. Qc3 Qb5 32. Qxe5 Qa6 33.
Qe4 Bf8 34. Bc4 Qa5 35. Bb3 Bc5 36. Qa4 1-0

[Event "29. Erfurter Schachfestival 2019 - Meis"]
[Site "Erfurt"]
[Date "2019.12.28"]
[Round "4.8"]
[White "Miszler, Levente"]
[Black "Schulz, Karsten"]
[Result "1/2-1/2"]
[WhiteElo "2167"]
[BlackElo "2267"]
[Annotator "Kohlstädt,Jürgen"]
[PlyCount "38"]
[EventDate "2019.12.26"]

1. Nf3 g6 2. c4 Bg7 3. g3 c5 4. Bg2 Nc6 5. Nc3 e6 6. O-O Nge7 7. d3 O-O 8. e4
d6 9. a3 b6 10. Rb1 Bb7 11. Bd2 Nd4 12. Nxd4 cxd4 13. Ne2 Rc8 14. Qb3 f5 15.
Nf4 fxe4 16. dxe4 Bh6 17. Rfd1 Bxf4 18. Bxf4 e5 19. Bh6 Rf7 {(=)} 1/2-1/2

[Event "29. Erfurter Schachfestival 2019 - Meis"]
[Site "Erfurt"]
[Date "2019.12.28"]
[Round "4.9"]
[White "Neukirchner, Pascal"]
[Black "Linnemann, Niklas"]
[Result "1-0"]
[WhiteElo "2224"]
[BlackElo "2007"]
[PlyCount "56"]
[EventDate "2019.12.26"]

1. d4 Nf6 2. c4 g6 3. f3 d5 4. cxd5 Nxd5 5. e4 Nb6 6. Nc3 Bg7 7. Be3 O-O 8. Qd2
e5 9. d5 c6 10. h4 cxd5 11. exd5 N8d7 12. h5 Nf6 13. hxg6 fxg6 14. O-O-O Qd6
15. Nh3 Bxh3 16. Rxh3 Rac8 17. Kb1 Rfd8 18. Bxb6 Qxb6 19. Rh4 a6 20. Bc4 Qd6
21. Bb3 b5 22. Rdh1 Rc7 23. g4 b4 24. Ne4 Nxe4 25. fxe4 h6 26. Rxh6 Bxh6 27.
Qxh6 Rf8 28. Qh8+ Kf7 1-0